000 00415nam a22001337a 4500
082 _a631.7
_bARU/AS
100 _aArun Jose
_919
245 _aAssessement of run-off and erosion using GIS
260 _aTavanur
_bDepartment of LWRCE
_c2007
700 _aRenjith Thomas
_920
700 _aSathian K.K (Guide)
_921
856 _uhttps://drive.google.com/file/d/0B8K9-c_S7d7WNW83b1pSOXZLcHM/edit?usp=sharing
942 _cPR
999 _c14069
_d14069